000 00478cam a22001451 4500
040 _cCSluSP
082 _a590 BUR 1938 A023 Or.
100 1 _aWodsedalek, Jerry Edward,
245 1 0 _aGeneral zoology laboratory guide ...
260 _aMinneapolis, Minn.,
_bBurgess Publishing Company, mimeoprint and photo offset publishers,
_cc1938-
300 _av.
_billus., diagrs.
_c28 x 23 cm.
500 _aIncludes perforated work sheets for students.
650 0 _aZoology
942 _cEK
999 _c16166
_d16166